| 000 | 00384nam a22001577a 4500 | ||
|---|---|---|---|
| 005 | 20170919151253.0 | ||
| 008 | 170919b xxu||||| |||| 00| 0 eng d | ||
| 020 | _a978-81-265-1102-0 | ||
| 041 | _aeng | ||
| 082 | _a621.38152 | ||
| 100 |
_aSingh,Jasprit _93943 |
||
| 245 | _aSemiconductor Devices Basic Principles | ||
| 260 |
_aNew Delhi _bWiley _c2001 |
||
| 300 | _a537 | ||
| 942 | _cBK | ||
| 999 |
_c5589 _d5587 |
||